00964cas a22002897ar450000500170000000800410001701000100005801100100006803500100007824500830008826000930017130000070026431000120027136200140028350000520029759000410034959000410039059000410043159000420047265000510051478500220056586600170058786600230060490100070062790500230063499900170065720220329142320.0000614d19651966us mr pernn 0 b1eng d a81542 a82514 a9301204aBioresearch Titlesc/by Bioscience Information Service of Biological Abstracts0 aPhiladelphia, PA. :bBioscience Information Service of Biological Abstracts,c1965-1966. av. aMensual1 an.4, 1966 aSe dejó de recibir a partir del n.12 de 1966. aBATCH-UPDb10c20130110lUCH01h0858 aBATCH-UPDb10c20130410lUCH01h0528 aBATCH-UPDb10c20130914lUCH01h0635 aCONVERSIONb10c20130109lUCH01h134514aBiologíaxPublicaciones periódicas.91279910tBioresearch Index an.1-4 (1965) an.4-8,10-12 (1966) aSE aLilia Sánchez G. c81542d81542